Mediaeval India Under Mohammedan Rule (A.D.712-1764) (Record no. 5013)
[ view plain ]
| 000 -LEADER | |
|---|---|
| fixed length control field | 00531cam a2200193ua 4500 |
| 008 - FIXED-LENGTH DATA ELEMENTS--GENERAL INFORMATION | |
| fixed length control field | 131026n ii |||frmmmmZ001|0|eng |
| 040 ## - CATALOGING SOURCE | |
| Transcribing agency | MAIN |
| 082 ## - DEWEY DECIMAL CLASSIFICATION NUMBER | |
| Classification number | 954.02 |
| 100 ## - MAIN ENTRY--PERSONAL NAME | |
| Personal name | Stanley Lane-Poole., |
| Relator term | |
| 245 ## - TITLE STATEMENT | |
| Title | Mediaeval India Under Mohammedan Rule (A.D.712-1764) |
| Statement of responsibility, etc. | by Stanley Lane-Poole |
| 250 ## - EDITION STATEMENT | |
| Remainder of edition statement | 2nd ed. |
| 260 ## - PUBLICATION, DISTRIBUTION, ETC. | |
| Place of publication, distribution, etc. | Delhi: |
| Name of publisher, distributor, etc. | universal Publication, |
| Date of publication, distribution, etc. | 1971. |
| 300 ## - PHYSICAL DESCRIPTION | |
| Extent | 302p. |
| 942 ## - ADDED ENTRY ELEMENTS (KOHA) | |
| Koha item type | Books |
| 653 ## - INDEX TERM--UNCONTROLLED | |
| Uncontrolled term | History |
| 653 ## - INDEX TERM--UNCONTROLLED | |
| Uncontrolled term | Mediaeval India Under Mohammedan Rule |
| 653 ## - INDEX TERM--UNCONTROLLED | |
| Uncontrolled term | (A.D.712-1764) |
| Withdrawn status | Lost status | Damaged status | Not for loan | Home library | Current library | Shelving location | Date acquired | Total Checkouts | Full call number | Barcode | Date last seen | Copy number | Price effective from | Koha item type |
|---|---|---|---|---|---|---|---|---|---|---|---|---|---|---|
| Naharkatiya College Library | Naharkatiya College Library | General Stacks | 19/09/2020 | 954.02 | POO | 3410 | 19/09/2020 | 2 | 19/09/2020 | Books | |||||
| Naharkatiya College Library | Naharkatiya College Library | General Stacks | 19/09/2020 | 954.02 | LAN | 3411 | 19/09/2020 | 1 | 19/09/2020 | Books | |||||
| Naharkatiya College Library | Naharkatiya College Library | General Stacks | 19/09/2020 | 954.02 | POO | 3412 | 19/09/2020 | 3 | 19/09/2020 | Books |
